Multiple Choice City Quiz – Salt Lake City - Statistics

General Stats
  • This quiz has been taken 9,617 times
    9,600 since last reset
  • The average score is 6 of 10
Answer Stats
Question Answer % Correct
What nearby city is home to Brigham Young University? Provo
72%
Which of these regions contains Salt Lake City? The Great Basin
68%
What are the Bonneville Salt Flats west of Salt Lake known for? Vehicles setting land speed records
66%
What politician is often credited with "saving" those games? Mitt Romney
65%
When did Salt Lake City host the Winter Olympics? 2002
64%
Which of these creatures is Great Salt Lake known for? Brine shrimp
57%
What is the Mormon Tabernacle known for? Its choir
52%
What happened in 1869 at Promontory Summit just north of Salt Lake? The golden spike completing the Transcontinental Railroad
50%
What mountain range is visible from Salt Lake City? Wasatch Range
34%
What did Brigham Young say when arriving at Salt Lake City in 1847? This is the right place, drive on
31%
No matching quizzes found
Score Distribution
Percent of People with Each Score
Percentile by Number Answered
Your Score History
You have not taken this quiz since the last reset